000 01046nam a2200301 i 4500
003 EG-GICUC
005 20260121101350.0
008 251127s1969 sy ||||fr|||| 00| 0 ara d
040 _a EG-GICUC
_bara
_c EG-GICUC
_d EG-GICUC
_erda
041 0 _aara
082 0 4 _221
_a345.14
_bع ل . م
092 0 4 _221
099 _aLaw1 07 345.14 ع ل . م 1969
100 0 _aعلي رضا
_eمؤلف.
245 1 0 _aمبادئ القانون العام والخاص /
_cللدكتور علي رضا.
264 _aحلب :
_bمديرية الكتب والمطبوعات الجامعية،
_c1969.
300 _a183 صفحة ؛
_c24 سم.
336 _2rda content
_atext
337 _2rda media
_aComputer
338 _2rda carrier
_aOnline Resource
546 _aالنص باللغة العربية
650 1 4 _aتنظيم مجلس الدولة
_2qrmak
650 1 4 _aالمسئولية عن القوانين
651 1 _2qrmak
856 4 0 _uhttps://fll.law.cu.edu.eg/fulltext/bks/B07-00775.pdf
905 _a65
942 _2ddc
_cBK
_e21
_n0
999 _c46362
_d46362